Apuntes y documentos para la história de la medicina dominicana del siglo 20 (Record no. 7691)

MARC details
000 -LEADER
campo de control de longitud fija 00418nam a2200145Ia 4500
001 - NÚMERO DE CONTROL
campo de control 4199
008 - DATOS DE LONGITUD FIJA--INFORMACIÓN GENERAL
campo de control de longitud fija 241024s9999 xx 000 0 und d
020 ## - NÚMERO INTERNACIONAL ESTÁNDAR DEL LIBRO
Número Internacional Estándar del Libro 978-9945-08-239-5
082 ## - NÚMERO DE LA CLASIFICACIÓN DECIMAL DEWEY
Número de clasificación RD/868.5/ST839a/ll
100 ## - ENTRADA PRINCIPAL--NOMBRE DE PERSONA
Nombre de persona Herbert Stern Díaz
245 #0 - MENCIÓN DEL TÍTULO
Título Apuntes y documentos para la história de la medicina dominicana del siglo 20
260 ## - PUBLICACIÓN, DISTRIBUCIÓN, ETC.
Nombre del editor, distribuidor, etc. Editora Búho
Fecha de publicación, distribución, etc. 2015
901 ## - ELEMENTOS DE DATOS A LOCAL LDA (RLIN)
a 19/8/2016 2:34:26 p.m.

No items available.

© 2024. Todos los Derechos Reservados. Desarrollado por IDEICE